|
|
|
|
| LEADER |
00000nab a2200000 4500 |
| 001 |
vtls012135784 |
| 003 |
SK-MaSNL |
| 005 |
20260426043244.0 |
| 008 |
220519|2022 xo |||| ||n ||00 0|slo |
| 015 |
|
|
|a SNBRB2022/05
|
| 040 |
|
|
|a SPKCL
|b slo
|e rda
|
| 041 |
|
|
|a slo
|b slo
|
| 044 |
|
|
|a xo
|c SK
|
| 072 |
|
7 |
|a 613
|x Hygiena. Ľudské zdravie
|2 konspekt
|
| 072 |
|
7 |
|a 026/027
|x Knižnice
|2 konspekt
|
| 080 |
|
|
|a 026/027:613/614
|2 2011
|
| 100 |
1 |
|
|a Zábojník, Jakub
|4 aut
|9 1110878
|
| 245 |
1 |
0 |
|a Možnosti knižníc v oblasti podpory zdravia
|c Jakub Zábojník
|
| 300 |
|
|
|b Obrázky
|
| 336 |
|
|
|a text
|b txt
|2 rdacontent
|
| 337 |
|
|
|a bez média
|b n
|2 rdamedia
|
| 338 |
|
|
|a zväzok
|b nc
|2 rdacarrier
|
| 504 |
|
|
|a Obsahuje bibliografiu
|
| 650 |
0 |
7 |
|a knižnice
|2 SNKPH
|9 17965
|
| 650 |
0 |
7 |
|a zdravotná výchova
|2 SNKPH
|9 71307
|
| 650 |
0 |
7 |
|a starostlivosť o zdravie
|2 SNKPH
|9 1302
|
| 650 |
0 |
7 |
|a zdravie
|2 SNKPH
|9 16322
|
| 773 |
0 |
|
|t Knižnica (online)
|g Roč. XXIII, č. 1 (2022), s. 26-33
|x 1336-0965
|
| 856 |
4 |
1 |
|u https://snk.sk/images/Edicna_cinnost/Casopis_Kniznica/2022/casopis_Kniznica_01_2022_komplet.pdf
|
| 958 |
|
|
|a NB
|
| 999 |
|
|
|c 1832794
|d 1834724
|